[Event "Titled Tuesday intern op 23rd Apr Late"]
[Site "Chess.com INT"]
[Date "2024.04.23"]
[Round "5"]
[White "Silva, Lucas"]
[Black "Lukovic, Vladimir"]
[Result "0-1"]
[WhiteElo "2268"]
[BlackElo "2440"]
[PlyCount "146"]
[EventDate "2024.04.23"]
[EventType "swiss (blitz)"]
[EventRounds "11"]
[EventCountry "USA"]
[SourceTitle "CB18_2024"]
[SourceDate "2024.05.01"]
[SourceVersion "1"]
[SourceVersionDate "2024.05.01"]
[SourceQuality "2"]

1. d4 Nf6 2. c4 e6 3. Nc3 Bb4 4. e3 0-0 5. Bd3 c5 6. Nge2 d5 7. a3 Bxc3+ 8. Nxc3 cxd4 9. exd4 dxc4 10. Bxc4 Nc6 11. Be3 b6 12. 0-0 Bb7 13. Rc1 Rc8 14. Ba2 Ne7 15. Bg5 Nf5 16. d5 h6 17. Bxf6 Qxf6 18. dxe6 fxe6 19. Qd7 Bc6 20. Qxe6+ Kh8 21. Qxf6 Rxf6 22. Rfe1 Rcf8 23. f3 Nh4 24. Ne4 Rg6 25. Ng3 h5 26. Re6 Be8 27. Rxe8 Rxe8 28. Bf7 Re2 29. Bxg6 Nxg6 30. Nxh5 Nh4 31. Nf4 Rxb2 32. Rc8+ Kh7 33. Rc7 Kh6 34. Rxa7 g5 35. Nd3 Rxg2+ 36. Kf1 Rxh2 37. Ra6 Nxf3 38. Rxb6+ Kh5 39. Rb4 Ra2 40. a4 g4 41. Nf4+ Kg5 42. Ne2 Kf5 43. Kf2 Ne5 44. Ke3 Ra3+ 45. Kd2 g3 46. Nxg3+ Rxg3 47. Rb5 Ra3 48. a5 Ke4 49. Kc2 Kd4 50. Kb2 Nc4+ 51. Kb1 Nxa5 52. Rb8 Nc4 53. Kc2 Rc3+ 54. Kd1 Rg3 55. Ke2 Re3+ 56. Kf2 Ne5 57. Rd8+ Ke4 58. Re8 Rf3+ 59. Kg2 Rf5 60. Re7 Kf4 61. Rg7 Ng4 62. Rg8 Rd5 63. Rf8+ Kg5 64. Kg3 Rd3+ 65. Kg2 Nf6 66. Rf7 Kg6 67. Re7 Nh5 68. Kf1 Nf4 69. Ke1 Kf5 70. Rf7+ Kg4 71. Rf8 Kf3 72. Re8 Ng2+ 73. Kf1 Rd1+ 0-1

[Event "Titled Tuesday intern op 16th Apr Early"]
[Site "Chess.com INT"]
[Date "2024.04.16"]
[Round "5"]
[White "Silva, Lucas"]
[Black "Quirke, Jeffrey"]
[Result "1-0"]
[WhiteElo "2268"]
[BlackElo "1992"]
[PlyCount "81"]
[EventDate "2024.04.16"]
[EventType "swiss (blitz)"]
[EventRounds "11"]
[EventCountry "USA"]
[SourceTitle "CB17_2024"]
[SourceDate "2024.04.24"]
[SourceVersion "1"]
[SourceVersionDate "2024.04.24"]
[SourceQuality "1"]

1. d4 Nf6 2. c4 g6 3. Nc3 Bg7 4. e4 d6 5. Be2 0-0 6. Be3 Nc6 7. d5 Ne5 8. h3 c6 9. Nf3 Nxf3+ 10. Bxf3 cxd5 11. exd5 Bd7 12. 0-0 a6 13. Bd4 Qc7 14. b3 b5 15. cxb5 axb5 16. Rc1 Qb7 17. Re1 Rfe8 18. Ne4 Nxe4 19. Bxg7 Kxg7 20. Rxe4 Rxa2 21. Qd4+ Kg8 22. Rce1 Bf5 23. Rh4 Qa7 24. Qxa7 Rxa7 25. Rb4 Bd7 26. Rc1 Ra2 27. Rc7 Rd8 28. g4 g5 29. Kg2 Kg7 30. Re4 Kf6 31. Re3 Rb2 32. Be4 h6 33. Rf3+ Ke5 34. Re3 Kd4 35. Bf3 e6 36. Re1 exd5 37. Rd1+ Ke5 38. Rxd5+ Ke6 39. Rd3 f6 40. Re3+ Kf7 41. Bc6 1-0

[Event "Titled Tuesday intern op 16th Apr Early"]
[Site "Chess.com INT"]
[Date "2024.04.16"]
[Round "9"]
[White "Silva, Lucas"]
[Black "Rogov, Matfey"]
[Result "1-0"]
[WhiteElo "2268"]
[BlackElo "2191"]
[PlyCount "103"]
[EventDate "2024.04.16"]
[EventType "swiss (blitz)"]
[EventRounds "11"]
[EventCountry "USA"]
[SourceTitle "CB17_2024"]
[SourceDate "2024.04.24"]
[SourceVersion "1"]
[SourceVersionDate "2024.04.24"]
[SourceQuality "1"]

1. d4 Nf6 2. c4 e6 3. Nf3 c5 4. d5 b5 5. cxb5 exd5 6. Nc3 d4 7. Nb1 d5 8. e3 dxe3 9. Bxe3 d4 10. Bg5 Bb7 11. Bd3 Nbd7 12. 0-0 Be7 13. Re1 0-0 14. Nbd2 h6 15. Bh4 Re8 16. a4 Nd5 17. Bg3 N7f6 18. Nc4 Rc8 19. Rc1 Nh5 20. Bb1 Nhf4 21. Nfe5 Bg5 22. h4 Bxh4 23. Qf3 Qg5 24. Bxh4 Qxh4 25. Nd6 Ba8 26. Nxc8 Rxc8 27. Be4 Qg5 28. Nc6 Bxc6 29. bxc6 Rxc6 30. Bxd5 Nxd5 31. Re8+ Kh7 32. Qe4+ f5 33. Qxd5 Qxc1+ 34. Kh2 Qf4+ 35. Kg1 Rf6 36. Qg8+ Kg6 37. Re7 Qc1+ 38. Kh2 Qf4+ 39. Kg1 Qc1+ 40. Kh2 Qf4+ 41. g3 Qxf2+ 42. Kh3 Qf1+ 43. Kh2 Qf2+ 44. Kh3 Kh5 45. Rxg7 Qf1+ 46. Kh2 Qe2+ 47. Kh3 Qf1+ 48. Kh2 Qf2+ 49. Kh1 Qe1+ 50. Kh2 f4 51. Qd5+ Rf5 52. Qxf5# 1-0

[Event "Titled Tuesday intern op 02nd Apr Late"]
[Site "Chess.com INT"]
[Date "2024.04.02"]
[Round "9"]
[White "Batista, Renato Luiz"]
[Black "Silva, Lucas"]
[Result "1/2-1/2"]
[WhiteElo "2188"]
[BlackElo "2268"]
[PlyCount "66"]
[EventDate "2024.04.02"]
[EventType "swiss (blitz)"]
[EventRounds "11"]
[EventCountry "USA"]
[SourceTitle "CB15_2024"]
[SourceDate "2024.04.10"]
[SourceVersion "1"]
[SourceVersionDate "2024.04.10"]
[SourceQuality "1"]

1. e4 c6 2. Nf3 d5 3. Nc3 dxe4 4. Nxe4 Nf6 5. Qe2 Nxe4 6. Qxe4 Nd7 7. Bc4 Nf6 8. Ne5 e6 9. Qe2 b5 10. Bb3 Bd6 11. 0-0 0-0 12. f4 Qc7 13. Qd3 Bb7 14. Qe2 a6 15. d3 c5 16. Bd2 a5 17. a4 bxa4 18. Bxa4 Nd5 19. Rae1 Rad8 20. Rf3 Nb6 21. Rh3 Nxa4 22. Qh5 h6 23. Ng4 Bxf4 24. Nxh6+ Bxh6 25. Bxh6 Rd5 26. Bg5 f6 27. Qh7+ Kf7 28. Bxf6 Kxf6 29. Rh6+ Kf7 30. Qg6+ Kg8 31. Qh7+ Kf7 32. Qg6+ Kg8 33. Qh7+ Kf7 1/2-1/2

[Event "Titled Tuesday intern op 02nd Apr Late"]
[Site "Chess.com INT"]
[Date "2024.04.02"]
[Round "4"]
[White "Rose, Felix"]
[Black "Silva, Lucas"]
[Result "0-1"]
[WhiteElo "2091"]
[BlackElo "2268"]
[PlyCount "88"]
[EventDate "2024.04.02"]
[EventType "swiss (blitz)"]
[EventRounds "11"]
[EventCountry "USA"]
[SourceTitle "CB15_2024"]
[SourceDate "2024.04.10"]
[SourceVersion "1"]
[SourceVersionDate "2024.04.10"]
[SourceQuality "1"]

1. e4 c6 2. d4 d5 3. e5 Bf5 4. h4 h5 5. Bd3 Bxd3 6. Qxd3 e6 7. Bg5 Be7 8. Nf3 Qb6 9. Nbd2 c5 10. c4 Nc6 11. 0-0 Rd8 12. cxd5 Nb4 13. Qe2 Rxd5 14. Bxe7 Nxe7 15. Nc4 Qa6 16. Rfe1 Nf5 17. dxc5 0-0 18. Ng5 g6 19. Ne4 Kg7 20. a3 Nc6 21. b4 Ncd4 22. Qd3 Qa4 23. Nb2 Qc2 24. Rab1 Rfd8 25. Qxc2 Nxc2 26. Re2 Nxa3 27. Ra1 Nb5 28. g3 a6 29. Kg2 Nbd4 30. Ree1 Nc2 31. Nd6 Nxa1 32. Rxa1 Nxd6 33. exd6 e5 34. Nc4 Rd4 35. Rc1 e4 36. Kf1 f5 37. Ke2 Rd3 38. Ne3 Kf6 39. Rd1 Rb3 40. Nd5+ Ke5 41. Nc7 Rxb4 42. Rd5+ Kf6 43. Ke3 Rb3+ 44. Kf4 Rf3# 0-1

[Event "Titled Tuesday intern op 02nd Apr Late"]
[Site "Chess.com INT"]
[Date "2024.04.02"]
[Round "3"]
[White "Silva, Lucas"]
[Black "Cahaya, Satria Duta"]
[Result "0-1"]
[WhiteElo "2268"]
[BlackElo "2184"]
[PlyCount "96"]
[EventDate "2024.04.02"]
[EventType "swiss (blitz)"]
[EventRounds "11"]
[EventCountry "USA"]
[SourceTitle "CB15_2024"]
[SourceDate "2024.04.10"]
[SourceVersion "1"]
[SourceVersionDate "2024.04.10"]
[SourceQuality "1"]

1. d4 Nf6 2. Bf4 g6 3. Nc3 d5 4. e3 Bg7 5. h4 h5 6. Nf3 0-0 7. Be2 c5 8. dxc5 Nc6 9. 0-0 Re8 10. Ne5 Bf5 11. Nb5 Ne4 12. Nxc6 bxc6 13. Nc7 Bxb2 14. Nxe8 Qxe8 15. c4 e5 16. Bh2 d4 17. Bf3 dxe3 18. fxe3 Bxa1 19. Qxa1 Nd2 20. Rf2 Nxc4 21. Bxh5 Rb8 22. Bg3 Rb1+ 23. Qxb1 Bxb1 24. Be2 Nxe3 25. Bf3 Nf5 26. Bh2 e4 27. Bg4 e3 28. Re2 Bd3 29. Re1 Qe4 30. Bf3 Qb4 31. Rd1 e2 32. Bxe2 Bxe2 33. Rd8+ Kg7 34. Be5+ f6 35. Bd6 Qe1+ 36. Kh2 Qxh4+ 37. Kg1 Nxd6 38. cxd6 Qd4+ 39. Kh2 Bg4 40. d7 Bxd7 41. a4 g5 42. a5 c5 43. a6 Qh4+ 44. Kg1 Qd4+ 45. Kh2 Bb5 46. Rb8 Bxa6 47. g4 Qf2+ 48. Kh3 Bf1# 0-1

[Event "Titled Tuesday intern op 02nd Apr Late"]
[Site "Chess.com INT"]
[Date "2024.04.02"]
[Round "11"]
[White "Silva, Lucas"]
[Black "Kleibel, Uwe"]
[Result "0-1"]
[WhiteElo "2268"]
[BlackElo "2302"]
[PlyCount "114"]
[EventDate "2024.04.02"]
[EventType "swiss (blitz)"]
[EventRounds "11"]
[EventCountry "USA"]
[SourceTitle "CB15_2024"]
[SourceDate "2024.04.10"]
[SourceVersion "1"]
[SourceVersionDate "2024.04.10"]
[SourceQuality "1"]

1. d4 d5 2. c4 e6 3. Nc3 Nf6 4. cxd5 exd5 5. Bg5 Be7 6. e3 0-0 7. Bd3 Re8 8. Nge2 c6 9. 0-0 Nbd7 10. Qc2 g6 11. f3 b5 12. Rae1 Bb7 13. Kh1 Rc8 14. a3 a5 15. Ng3 b4 16. Na4 c5 17. Nxc5 Nxc5 18. dxc5 Bxc5 19. Bb5 Bxe3 20. Rxe3 Rxe3 21. Qd2 d4 22. Bxe3 dxe3 23. Qxe3 Rc2 24. a4 Ng4 25. fxg4 Bxg2+ 26. Kg1 Bxf1 27. Bxf1 Rxb2 28. Ne4 Qh4 29. Qf4 Qd8 30. Qe5 Qb6+ 31. Kh1 Qc6 32. g5 b3 33. Kg1 Qb6+ 34. Kh1 Qc6 35. h3 Rf2 36. Bg2 Qc1+ 37. Kh2 Qf4+ 38. Qxf4 Rxf4 39. Nf6+ Kg7 40. Nd5 Rxa4 41. Nc3 Rb4 42. Nb1 a4 43. Bd5 b2 44. Kg3 f6 45. gxf6+ Kxf6 46. Nc3 a3 47. Ba2 Ke5 48. Nb1 Kd4 49. Kf3 Kd3 50. Kf2 h5 51. Kf3 g5 52. Kg3 h4+ 53. Kf3 Rf4+ 54. Kg2 Kc2 55. Kg1 Rf3 56. Kg2 Rg3+ 57. Kh2 Kc1 0-1

[Event "Titled Tuesday intern op 02nd Apr Late"]
[Site "Chess.com INT"]
[Date "2024.04.02"]
[Round "7"]
[White "Silva, Lucas"]
[Black "Yedidia, Jonathan"]
[Result "1-0"]
[WhiteElo "2268"]
[BlackElo "2361"]
[PlyCount "43"]
[EventDate "2024.04.02"]
[EventType "swiss (blitz)"]
[EventRounds "11"]
[EventCountry "USA"]
[SourceTitle "CB15_2024"]
[SourceDate "2024.04.10"]
[SourceVersion "1"]
[SourceVersionDate "2024.04.10"]
[SourceQuality "1"]

1. e4 d6 2. d4 Nf6 3. Nc3 e5 4. Nf3 Nbd7 5. g4 Nxg4 6. Bc4 Nb6 7. Bb3 exd4 8. Ng5 dxc3 9. Bxf7+ Ke7 10. Bb3 Ne5 11. f4 Bg4 12. Qd4 Nf3+ 13. Nxf3 Bxf3 14. 0-0 c5 15. Qxc3 c4 16. f5 cxb3 17. Bg5+ Kd7 18. Bxd8 Rxd8 19. Qxf3 Be7 20. axb3 Bf6 21. Rxa7 Kc7 22. e5 1-0

[Event "Titled Tuesday intern op 12th Mar Early"]
[Site "Chess.com INT"]
[Date "2024.03.12"]
[Round "11"]
[White "Skliarov, Viktor"]
[Black "Silva, Lucas"]
[Result "1/2-1/2"]
[WhiteElo "2349"]
[BlackElo "2283"]
[PlyCount "173"]
[EventDate "2024.03.12"]
[EventType "swiss (blitz)"]
[EventRounds "11"]
[EventCountry "USA"]
[SourceTitle "CB12_2024"]
[SourceDate "2023.10.01"]
[SourceVersion "1"]
[SourceVersionDate "2023.10.01"]
[SourceQuality "1"]

1. e4 c5 2. Nf3 d6 3. d4 cxd4 4. Qxd4 Nc6 5. Bb5 a6 6. Bxc6+ bxc6 7. c4 e5 8. Qd3 Be6 9. Nc3 Ne7 10. c5 Ng6 11. cxd6 Qxd6 12. Qe2 Qc7 13. Ng5 Bc8 14. 0-0 Be7 15. Be3 0-0 16. Qh5 Bxg5 17. Qxg5 Be6 18. Na4 Rab8 19. b3 f6 20. Qg3 Bf7 21. Nc5 Ra8 22. h4 Nf4 23. Bxf4 exf4 24. Qc3 Rfe8 25. Rfd1 Qe5 26. Qxe5 Rxe5 27. Rac1 f3 28. gxf3 Rh5 29. Kg2 Rxh4 30. Kg3 Rh6 31. Rd7 Bh5 32. Ne6 Rg6+ 33. Kf4 Rg2 34. Ke3 Bf7 35. Nf4 Rg5 36. Rxc6 Be8 37. Rcc7 Bxd7 38. Rxd7 a5 39. Ne6 Rg1 40. Kf4 h5 41. Nd4 h4 42. Ne2 Rg2 43. Ke3 h3 44. Rd1 a4 45. Rh1 h2 46. Nf4 Rg5 47. bxa4 Rxa4 48. Rxh2 Ra3+ 49. Nd3 Rga5 50. Kd4 R5a4+ 51. Ke3 Ra8 52. Ke2 Rxa2+ 53. Kf1 Ra1+ 54. Kg2 R8a2 55. Nf4 Ra7 56. Nd5 R1a2 57. Kg3 Rb2 58. Rh1 Rb3 59. Rf1 Raa3 60. Ne3 g6 61. Kf4 Kf7 62. Rc1 Rb7 63. Rc5 Re7 64. Kg3 Kg7 65. Kg2 g5 66. Rc6 Kg6 67. Nf5 Rh7 68. Rc8 Ra1 69. Rg8+ Kf7 70. Rb8 Rhh1 71. Rb7+ Ke8 72. f4 gxf4 73. Kf3 Rhf1 74. Nd6+ Kd8 75. Nf7+ Kc8 76. Nd6+ Kd8 77. Nf7+ Ke8 78. Nd6+ Kf8 79. Rf7+ Kg8 80. Rxf6 Ra3+ 81. Kxf4 Rxf2+ 82. Ke5 Ra5+ 83. Ke6 Rxf6+ 84. Kxf6 Kf8 85. Ke6 Rh5 86. e5 Rxe5+ 87. Kxe5 1/2-1/2

[Event "ARG-ch 98th"]
[Site "Buenos Aires"]
[Date "2023.11.01"]
[Round "5"]
[White "Tristan, Leonardo"]
[Black "Silva, Lucas"]
[Result "1-0"]
[WhiteElo "2523"]
[BlackElo "2287"]
[PlyCount "139"]
[EventDate "2023.10.28"]
[EventType "tourn"]
[EventRounds "11"]
[EventCountry "ARG"]
[EventCategory "7"]
[SourceTitle "CB46_2023"]
[SourceDate "2023.11.15"]
[SourceVersion "1"]
[SourceVersionDate "2023.11.15"]
[SourceQuality "1"]

1. d4 d5 2. c4 c6 3. cxd5 cxd5 4. Bf4 Nc6 5. e3 Nf6 6. Nc3 a6 7. Be2 Bf5 8. Nf3 Rc8 9. 0-0 e6 10. Qb3 Bb4 11. Rfc1 0-0 12. Na4 b5 13. Nc5 Bxc5 14. dxc5 Na5 15. Qd1 Ne4 16. Nd4 Nc4 17. Nxf5 exf5 18. b3 g5 19. Bg3 Nxg3 20. hxg3 Ne5 21. a4 b4 22. Bxa6 Rc7 23. Bb5 Qf6 24. Qd4 Rfc8 25. f4 Ng4 26. Qxf6 Nxf6 27. Bd3 Re8 28. a5 Rxe3 29. Bxf5 Rxb3 30. a6 Ra7 31. c6 Ne8 32. c7 Nxc7 33. Rxc7 Rxc7 34. a7 Rxa7 35. Rxa7 Rxg3 36. fxg5 Rxg5 37. Bc2 Rg3 38. Rb7 Rc3 39. Ba4 Rc4 40. Bb3 Rf4 41. Bxd5 Kg7 42. g3 Rf5 43. Be4 Re5 44. Rxb4 f5 45. Bc2 Kf6 46. Kf2 Kg5 47. Rb8 Rc5 48. Rg8+ Kf6 49. Bd3 h6 50. Ke3 Ra5 51. Bc2 Rc5 52. Bd1 Rc3+ 53. Kf2 Rc1 54. Bh5 Rc2+ 55. Ke3 Rh2 56. Rf8+ Kg5 57. Bf7 Rh1 58. Rg8+ Kf6 59. Bd5 Re1+ 60. Kf4 Rf1+ 61. Bf3 Kf7 62. Rd8 Kf6 63. Rd6+ Kg7 64. Rd1 Rf2 65. Rb1 Kf6 66. Rb6+ Kg7 67. Ke3 Rf1 68. Be2 Re1 69. Kf3 Rc1 70. Kf4 1-0

[Event "ARG-ch sf 98th"]
[Site "Buenos Aires"]
[Date "2023.05.06"]
[Round "8"]
[White "Silva, Lucas"]
[Black "Perez, Daniel Guillermo"]
[Result "1-0"]
[WhiteElo "2256"]
[BlackElo "2293"]
[PlyCount "106"]
[EventDate "2023.04.29"]
[EventType "swiss"]
[EventRounds "9"]
[EventCountry "ARG"]
[SourceTitle "CBM 214 Extra"]
[Source "ChessBase"]
[SourceDate "2023.07.31"]
[SourceVersion "1"]
[SourceVersionDate "2023.07.31"]
[SourceQuality "1"]

1. d4 d5 2. c4 e6 3. Nf3 Nf6 4. g3 Nbd7 5. Bg2 Be7 6. 0-0 0-0 7. Qc2 Ne4 8. Nc3 Nxc3 9. bxc3 Nb6 10. cxd5 exd5 11. Ne5 f6 12. Nf3 Be6 13. Re1 Re8 14. Nd2 Qd7 15. e4 c6 16. Bb2 Bf7 17. Rad1 Bh5 18. Rb1 Bg6 19. Rbd1 dxe4 20. Bxe4 Bxe4 21. Rxe4 f5 22. Re5 g6 23. Qb3+ Kg7 24. c4 Bf6 25. Nf3 Rad8 26. Rde1 Bxe5 27. Nxe5 Rxe5 28. Rxe5 Re8 29. f4 Rxe5 30. fxe5 Qe6 31. d5 cxd5 32. c5 Nc4 33. Qxb7+ Kh6 34. Qb8 g5 35. Bd4 f4 36. Qf8+ Kg6 37. c6 Nxe5 38. Bxe5 Qxe5 39. Qg8+ Kh6 40. Kf1 fxg3 41. Qf8+ Kh5 42. Qf3+ Kg6 43. hxg3 Qa1+ 44. Kf2 Qe5 45. Qd3+ Kg7 46. Qc2 Qc7 47. Qc5 Qf7+ 48. Kg2 Qe6 49. Qc3+ Kf7 50. c7 Qc8 51. Qe5 d4 52. Kf3 Qb7+ 53. Kg4 d3 1-0

[Event "ARG-ch sf 98th"]
[Site "Buenos Aires"]
[Date "2023.05.05"]
[Round "7"]
[White "Spata, German"]
[Black "Silva, Lucas"]
[Result "0-1"]
[WhiteElo "2364"]
[BlackElo "2256"]
[PlyCount "122"]
[EventDate "2023.04.29"]
[EventType "swiss"]
[EventRounds "9"]
[EventCountry "ARG"]
[SourceTitle "CBM 214 Extra"]
[Source "ChessBase"]
[SourceDate "2023.07.31"]
[SourceVersion "1"]
[SourceVersionDate "2023.07.31"]
[SourceQuality "1"]

1. Nf3 d5 2. e3 Nf6 3. c4 c6 4. Nc3 e6 5. b3 Bd6 6. Bb2 Nbd7 7. d4 Qe7 8. Be2 0-0 9. 0-0 b6 10. Qc2 Bb7 11. Rad1 Rfe8 12. e4 dxe4 13. Nxe4 Nxe4 14. Qxe4 f5 15. Qh4 Nf6 16. Bd3 c5 17. d5 exd5 18. cxd5 Ne4 19. Bb5 Red8 20. Rfe1 Qf7 21. Bc4 a6 22. a4 Re8 23. Ng5 Nxg5 24. Qxg5 h6 25. Qd2 Qh5 26. f4 Re4 27. Be5 Rd8 28. Qc3 Kh7 29. Rxe4 fxe4 30. Rd2 Bxe5 31. fxe5 b5 32. Be2 Qg5 33. d6 e3 34. Bd3+ Kh8 35. Rc2 c4 36. bxc4 bxa4 37. c5 Bc6 38. e6 Rf8 39. e7 Rf2 40. Rxf2 exf2+ 41. Kxf2 Qxg2+ 42. Ke1 Qh1+ 43. Kd2 Qxh2+ 44. Be2 Qf4+ 45. Qe3 Qb4+ 46. Kc1 Be8 47. Bd3 Qc3+ 48. Kb1 Qb3+ 49. Kc1 Qc3+ 50. Kb1 Qb3+ 51. Kc1 Qc3+ 52. Kb1 a3 53. Qe2 Qb3+ 54. Ka1 Qc3+ 55. Kb1 Qxc5 56. Qe4 g6 57. Qf4 Qb6+ 58. Kc1 Qg1+ 59. Kd2 Qg2+ 60. Be2 Qd5+ 61. Kc3 Qa5+ 0-1

[Event "Villa Ballester op 72nd"]
[Site "Villa Ballester"]
[Date "2023.01.25"]
[Round "7"]
[White "Silva, Lucas"]
[Black "Ocampos, Ian Guido"]
[Result "1-0"]
[WhiteElo "2241"]
[BlackElo "2210"]
[PlyCount "67"]
[EventDate "2023.01.18"]
[EventType "swiss"]
[EventRounds "9"]
[EventCountry "ARG"]
[SourceTitle "EXT 2024"]
[Source "ChessBase"]
[SourceDate "2023.10.10"]
[SourceVersion "1"]
[SourceVersionDate "2023.10.10"]
[SourceQuality "1"]

1. d4 Nf6 2. c4 c5 3. d5 b5 4. cxb5 a6 5. bxa6 e6 6. Nc3 exd5 7. Nxd5 Nxd5 8. Qxd5 Rxa6 9. Qe5+ Be7 10. Qxb8 Bd6 11. Qb3 c4 12. Qe3+ Be7 13. Bd2 0-0 14. Bc3 Re8 15. Nf3 Bb7 16. Qc1 Bxf3 17. gxf3 Bc5 18. Rg1 Qh4 19. Rxg7+ Kf8 20. Rg3 Rg6 21. Qc2 Qxh2 22. 0-0-0 Qxf2 23. Rxg6 hxg6 24. e4 Qxf3 25. Bxc4 Qe3+ 26. Kb1 Rxe4 27. Bb3 d6 28. Qh2 Ke7 29. Qh8 Qf3 30. Qc8 Qf4 31. Qc7+ Ke8 32. Rh1 Bd4 33. Bxd4 Rxd4 34. Rh8# 1-0

[Event "Villa Ballester op 72nd"]
[Site "Villa Ballester"]
[Date "2023.01.21"]
[Round "3"]
[White "Conlazo, Eusebio"]
[Black "Silva, Lucas"]
[Result "0-1"]
[WhiteElo "1941"]
[BlackElo "2241"]
[PlyCount "72"]
[EventDate "2023.01.18"]
[EventType "swiss"]
[EventRounds "9"]
[EventCountry "ARG"]
[SourceTitle "EXT 2024"]
[Source "ChessBase"]
[SourceDate "2023.10.10"]
[SourceVersion "1"]
[SourceVersionDate "2023.10.10"]
[SourceQuality "1"]

1. d4 d5 2. Nf3 Nf6 3. e3 c5 4. c4 cxd4 5. exd4 g6 6. cxd5 Bg7 7. Nc3 0-0 8. Bc4 Na6 9. 0-0 Nc7 10. Re1 Ncxd5 11. Bg5 Nxc3 12. bxc3 b6 13. Qb3 Bb7 14. Ne5 e6 15. Bxe6 fxe6 16. Qxe6+ Kh8 17. Nf7+ Rxf7 18. Qxf7 Qd5 19. Qxd5 Bxd5 20. f3 Rc8 21. Bd2 Bf8 22. a4 Bd6 23. g3 Kg7 24. Kf2 Kf7 25. Re2 Bc4 26. Ree1 h6 27. Kg2 g5 28. Kf2 Kg6 29. h3 h5 30. Rh1 Rf8 31. Rhe1 Bd5 32. Kg2 g4 33. hxg4 hxg4 34. Re3 gxf3+ 35. Rxf3 Nh5 36. Raf1 Nxg3 0-1

[Event "Vicente Lopez ProAm 100 Years op"]
[Site "Buenos Aires"]
[Date "2022.10.18"]
[Round "9"]
[White "Silva, Lucas"]
[Black "Slipak, Sergio"]
[Result "1/2-1/2"]
[WhiteElo "2211"]
[BlackElo "2378"]
[PlyCount "60"]
[EventDate "2022.10.11"]
[EventType "swiss"]
[EventRounds "9"]
[EventCountry "ARG"]
[SourceTitle "CBM 210 Extra"]
[Source "ChessBase"]
[SourceDate "2022.11.30"]
[SourceVersion "1"]
[SourceVersionDate "2022.11.30"]
[SourceQuality "1"]

1. d4 d5 2. c4 dxc4 3. Nf3 Nf6 4. e3 e6 5. Bxc4 c5 6. 0-0 a6 7. e4 b5 8. Be2 cxd4 9. e5 Nd5 10. a4 b4 11. Qxd4 Nc6 12. Qg4 Qc7 13. Qg3 g6 14. Nbd2 Bg7 15. Nc4 0-0 16. Bg5 a5 17. Rac1 Ba6 18. Rfe1 h6 19. Bd2 Rad8 20. Qh4 Nde7 21. g4 Rxd2 22. Ncxd2 Bxe2 23. Rxe2 g5 24. Qg3 Nd4 25. Rxc7 Nxe2+ 26. Kg2 Nd5 27. Rc5 Ndf4+ 28. Kf1 Nxg3+ 29. hxg3 Nd3 30. Rxa5 Nxb2 1/2-1/2

[Event "Vicente Lopez ProAm 100 Years op"]
[Site "Buenos Aires"]
[Date "2022.10.16"]
[Round "7"]
[White "Silva, Lucas"]
[Black "Tokman, Ariel"]
[Result "1-0"]
[WhiteElo "2211"]
[BlackElo "2340"]
[PlyCount "109"]
[EventDate "2022.10.11"]
[EventType "swiss"]
[EventRounds "9"]
[EventCountry "ARG"]
[SourceTitle "CBM 210 Extra"]
[Source "ChessBase"]
[SourceDate "2022.11.30"]
[SourceVersion "1"]
[SourceVersionDate "2022.11.30"]
[SourceQuality "1"]

1. d4 Nf6 2. c4 e6 3. Nc3 d5 4. cxd5 exd5 5. Bg5 Bb4 6. e3 h6 7. Bh4 g5 8. Bg3 Ne4 9. Qc2 h5 10. f3 Nxg3 11. hxg3 Qe7 12. e4 dxe4 13. fxe4 Nc6 14. 0-0-0 Bg4 15. Be2 0-0-0 16. Bxg4+ hxg4 17. Rxh8 Rxh8 18. Nge2 Rh2 19. d5 Ne5 20. Nd4 Qc5 21. d6 Bxc3 22. bxc3 cxd6 23. Nf5 Kb8 24. Nxd6 a6 25. Kb1 Rh8 26. Qb3 Qc7 27. Qd5 f6 28. c4 Rd8 29. c5 Qc6 30. Qxc6 Nxc6 31. Rf1 Rf8 32. Rh1 b6 33. cxb6 Rd8 34. Rd1 Ne5 35. Kc2 Nd7 36. Nc4 Kb7 37. Rh1 Rc8 38. Kd3 Ne5+ 39. Nxe5 fxe5 40. Rf1 Rc5 41. Rf5 Ra5 42. Rxg5 Ra3+ 43. Kc4 Rxg3 44. Kc5 Rc3+ 45. Kd5 Rg3 46. Kc5 Rc3+ 47. Kb4 Rg3 48. Rg6 Rxg2 49. a4 g3 50. Ka5 Rg1 51. Rg7+ Kc6 52. Kxa6 g2 53. Rg6+ Kc5 54. a5 Kd4 55. b7 1-0

[Event "Vicente Lopez ProAm 100 Years op"]
[Site "Buenos Aires"]
[Date "2022.10.12"]
[Round "2"]
[White "Valerga, Diego"]
[Black "Silva, Lucas"]
[Result "1/2-1/2"]
[WhiteElo "2434"]
[BlackElo "2211"]
[PlyCount "66"]
[EventDate "2022.10.11"]
[EventType "swiss"]
[EventRounds "9"]
[EventCountry "ARG"]
[SourceTitle "CBM 210 Extra"]
[Source "ChessBase"]
[SourceDate "2022.11.30"]
[SourceVersion "1"]
[SourceVersionDate "2022.11.30"]
[SourceQuality "1"]

1. Nf3 d5 2. d4 Nf6 3. c4 c6 4. Nc3 e6 5. e3 Nbd7 6. Bd3 dxc4 7. Bxc4 b5 8. Bd3 a6 9. e4 c5 10. d5 c4 11. dxe6 fxe6 12. Bc2 Nc5 13. Qxd8+ Kxd8 14. 0-0 Bb7 15. Be3 Ke8 16. Ng5 h6 17. Bxc5 hxg5 18. Bxf8 Kxf8 19. b3 Rc8 20. b4 Rd8 21. Rfd1 Ke7 22. f3 Rxd1+ 23. Rxd1 Nd7 24. h3 Ne5 25. Kf2 Bc6 26. Rb1 Kd6 27. Rd1+ Kc7 28. Ke3 Kb6 29. a3 a5 30. f4 axb4 31. axb4 gxf4+ 32. Kxf4 Ng6+ 33. Ke3 Kc7 1/2-1/2

[Event "ARG-chT"]
[Site "Villa Martelli"]
[Date "2022.08.27"]
[Round "2.3"]
[White "Villegas, Franco"]
[Black "Silva, Lucas"]
[Result "0-1"]
[WhiteElo "2341"]
[BlackElo "2212"]
[PlyCount "72"]
[EventDate "2022.08.26"]
[EventType "team-swiss"]
[EventRounds "8"]
[EventCountry "ARG"]
[SourceTitle "EXT 2023"]
[Source "ChessBase"]
[SourceDate "2022.10.05"]
[SourceVersion "1"]
[SourceVersionDate "2022.10.05"]
[SourceQuality "1"]
[WhiteTeam "Scacchi Biferno"]
[BlackTeam "Tres de Febrero Ajedrez"]
[WhiteTeamCountry "ARG"]
[BlackTeamCountry "ARG"]

1. e4 c5 2. Nf3 d6 3. d4 cxd4 4. Nxd4 Nf6 5. Nc3 a6 6. h3 e5 7. Nde2 h5 8. g3 b5 9. Bg5 Nbd7 10. a4 b4 11. Nd5 Bb7 12. Bxf6 Nxf6 13. Nxf6+ Qxf6 14. Bg2 Be7 15. 0-0 0-0 16. f4 Qg6 17. f5 Qh6 18. Kh2 Rac8 19. Qd3 Rc5 20. c3 Rfc8 21. Rfd1 Rc4 22. cxb4 h4 23. Ra3 hxg3+ 24. Nxg3 Rxb4 25. Qe2 Rbc4 26. Rb3 Rc2 27. Qd3 Ba8 28. Rc3 R8xc3 29. bxc3 Rb2 30. Ne2 Bb7 31. Rb1 Rd2 32. Qf3 Bc6 33. Ng3 Bh4 34. Rb8+ Kh7 35. f6 Bxg3+ 36. Kxg3 Rd3 0-1

[Event "ARG-ch 96th"]
[Site "Buenos Aires"]
[Date "2022.06.12"]
[Round "11"]
[White "Marson, Juan Miguel"]
[Black "Silva, Lucas"]
[Result "1/2-1/2"]
[WhiteElo "2083"]
[BlackElo "2232"]
[PlyCount "108"]
[EventDate "2022.06.02"]
[EventType "swiss"]
[EventRounds "11"]
[EventCountry "ARG"]
[SourceTitle "EXT 2023"]
[Source "ChessBase"]
[SourceDate "2022.10.05"]
[SourceVersion "1"]
[SourceVersionDate "2022.10.05"]
[SourceQuality "1"]

1. d4 f5 2. Nf3 Nf6 3. g3 g6 4. Bg2 Bg7 5. 0-0 0-0 6. b3 b6 7. c4 Bb7 8. Nc3 e6 9. Be3 Qe7 10. Qd2 Re8 11. Bh6 Bh8 12. Rac1 d6 13. Bg5 a5 14. Rfe1 Qf8 15. Bh6 Bg7 16. Bxg7 Qxg7 17. Ng5 Bxg2 18. Kxg2 h6 19. Nf3 Ne4 20. Qe3 Nxc3 21. Qxc3 Nd7 22. e4 Nf6 23. Nd2 c5 24. f3 Nd7 25. dxc5 Qxc3 26. Rxc3 dxc5 27. exf5 exf5 28. Rce3 Kf7 29. Rxe8 Rxe8 30. Rxe8 Kxe8 31. Nb1 Ke7 32. Nc3 Kd6 33. f4 Nb8 34. Kf2 Na6 35. Ke3 Nc7 36. Kd3 Kc6 37. a4 Ne6 38. Nd5 Nd4 39. Ne7+ Kd6 40. Nxg6 Nxb3 41. Ne5 Ke6 42. Nf3 Nc1+ 43. Kc2 Na2 44. Ne5 Nb4+ 45. Kc3 h5 46. Kb3 Na6 47. Nc6 Nc7 48. Kc3 Ne8 49. Ne5 Nf6 50. Nf3 Ng4 51. Kd3 Kf6 52. Ke2 Ke6 53. Ng5+ Kf6 54. Nf3 Ke6 1/2-1/2